Detalles MARC
| 000 -LEADER |
| fixed length control field |
01580nam a2200445 a 4500 |
| 008 - CAMPO DE CONTROL (LIBRO) |
| fixed length control field |
110704s2009 ag ||||f |||| 001 0 spa d |
| 020 ## - INTERNATIONAL STANDARD BOOK NUMBER |
| ISBN |
9789501287505 |
| 041 3# - CODIGO DE IDIOMA |
| Código de idioma del texto/pista de sonido o título separado |
spa |
| 092 ## - SIGNATURA TOPOGRAFICA DEWEY LOCAL |
| número de clasificación |
190 |
| libristica |
46 |
| sección |
KEN |
| 100 1# - ENTRADA PRINCIPAL--NOMBRE PERSONAL |
| Nombre personal |
Kenny, Anthony |
| 9 (RLIN) |
81 |
| 245 ## - TITULO PROPIAMENTE DICHO |
| Título |
Breve historia de la filosofia occidental / |
| Mención de responsabilidad y remanente de la transcripción de la portada |
Anthony Kenny |
| 250 ## - MENCION DE EDICION |
| Mención de edición |
1a ed. 3a reimp. |
| Mención de responsabilidad relacionada con la ed. |
Traducción Miguel Candel |
| 260 ## - PIE DE IMPRENTA |
| Lugar de publicación, distribución, etc |
Buenos Aires: |
| Nombre de la editorial, distribuidor, etc |
Paidos; |
| Fecha de publicación |
2009. |
| 300 ## - DESCRIPCION FISICA |
| Extension |
496 p. |
| Dimensiones |
23x15 cm. |
| 500 ## - NOTA GENERAL |
| Nota general |
Kenny, A. (2009). Breve historia de la filosofía occidental. (1a ed.). Buenos Aires : Paidos. |
| 590 ## - NOTAS LOCALES (RLIN) |
| Nota local |
Compra FACIMED 2011 |
| 653 ## - TÉRMINO INDIZADO - PALABRAS CLAVES |
| Palabra clave |
Filosofía moderna |
| 653 ## - TÉRMINO INDIZADO - PALABRAS CLAVES |
| Palabra clave |
Atenas de Sócrates |
| 653 ## - TÉRMINO INDIZADO - PALABRAS CLAVES |
| Palabra clave |
Fisolofía de Platón |
| 653 ## - TÉRMINO INDIZADO - PALABRAS CLAVES |
| Palabra clave |
Sistema de Aristóteles |
| 653 ## - TÉRMINO INDIZADO - PALABRAS CLAVES |
| Palabra clave |
Filosofía griega posterior a Aristóteles |
| 653 ## - TÉRMINO INDIZADO - PALABRAS CLAVES |
| Palabra clave |
Filosofía cristiana primitiva |
| 653 ## - TÉRMINO INDIZADO - PALABRAS CLAVES |
| Palabra clave |
Primera época de la filosofía medieval |
| 653 ## - TÉRMINO INDIZADO - PALABRAS CLAVES |
| Palabra clave |
Filosofía del siglo XIII |
| 653 ## - TÉRMINO INDIZADO - PALABRAS CLAVES |
| Palabra clave |
Filósofos de Oxford |
| 653 ## - TÉRMINO INDIZADO - PALABRAS CLAVES |
| Palabra clave |
Filosofía del renacimiento |
| 653 ## - TÉRMINO INDIZADO - PALABRAS CLAVES |
| Palabra clave |
Epoca de Descartes |
| 653 ## - TÉRMINO INDIZADO - PALABRAS CLAVES |
| Palabra clave |
Filosofía inglesa del siglo XVII |
| 653 ## - TÉRMINO INDIZADO - PALABRAS CLAVES |
| Palabra clave |
Filosofía continental de la época de Luis XIV |
| 653 ## - TÉRMINO INDIZADO - PALABRAS CLAVES |
| Palabra clave |
Filosofía británica del siglo XVIII |
| 653 ## - TÉRMINO INDIZADO - PALABRAS CLAVES |
| Palabra clave |
Ilustración |
| 653 ## - TÉRMINO INDIZADO - PALABRAS CLAVES |
| Palabra clave |
Filosofía crítica de Kant |
| 653 ## - TÉRMINO INDIZADO - PALABRAS CLAVES |
| Palabra clave |
Idealismo y materialismo alemán |
| 653 ## - TÉRMINO INDIZADO - PALABRAS CLAVES |
| Palabra clave |
Utilitaristas |
| 653 ## - TÉRMINO INDIZADO - PALABRAS CLAVES |
| Palabra clave |
Tres filósofos del siglo XIX |
| 653 ## - TÉRMINO INDIZADO - PALABRAS CLAVES |
| Palabra clave |
Tres maestros modernos |
| 653 ## - TÉRMINO INDIZADO - PALABRAS CLAVES |
| Palabra clave |
Lógica y fundamentos de las matemáticas |
| 653 ## - TÉRMINO INDIZADO - PALABRAS CLAVES |
| Palabra clave |
Filosofía de Wittgenstein |
| 942 ## - ADDED ENTRY ELEMENTS (KOHA) |
| Source of classification or shelving scheme |
Dewey Decimal Classification |
| Item type |
Libros |